000 00819nam a2200241 i 4500
001 16695
003 ES-MaACL
005 20250630032858.0
007 t|
008 001025s2000 sp ||||1| spa d
020 _a84-7793-711-7
080 _a338.43(460)"17/19":338.312
100 1 _aBringas Gutiérrez, Angel.
_931755
245 1 3 _aLa productividad de los factores en la agricultura española
_b: (1752-1935) /
_cMiguel Angel Bringas Gutiérrez.
260 _aMadrid :
_bBanco de España,
_c2000.
300 _a204 p. ;
_c24 cm.
490 1 _aEstudios de historia económica ;
_v39
650 0 0 _aAgricultura-
_zEspaña.
_99680
710 2 _aBanco de España
_92104
830 0 _aEstudios de historia económica ;
_v39
_9179607
852 _aES-MaACL
_jL-23888
_bR.129044
999 _c16695
_d16695